| 000 | 05419cam a2200397 a 4500 | ||
|---|---|---|---|
| 001 | 15435249 | ||
| 003 | OSt | ||
| 005 | 20230111092808.0 | ||
| 008 | 080902s2009 njua b 001 0 eng | ||
| 010 | _a 2008038561 | ||
| 015 |
_aGBA8D6607 _2bnb |
||
| 016 | 7 |
_a014845011 _2Uk |
|
| 020 | _a9780470149201 (set) | ||
| 035 | _a(OCoLC)ocn244765197 | ||
| 040 |
_aDLC _cDLC _dBTCTA _dYDXCP _dUKM _dYDX _dC#P _dCDX _dBWX _dMBB _dCUX _dSZR _dLMR _dDLC |
||
| 050 | 0 | 0 |
_aBF724 _b.H33 2009 |
| 082 | 0 | 0 |
_a155.5 _222 |
| 245 | 0 | 0 |
_aHandbook of adolescent psychology / _cedited by Richard M. Lerner, Laurence Steinberg. |
| 250 | _a3rd ed. | ||
| 260 |
_aHoboken, NJ : _bJohn Wiley & Sons, _c2009 |
||
| 300 | _axv, 823p. | ||
| 504 | _aIncludes bibliographical references and indexes. | ||
| 504 | _aIncludes bibliographical references and index. | ||
| 505 | 0 | _av. 1. Individual bases of adolescent development -- v. 2. Contextual influences on adolescent development. | |
| 505 | 0 | _av. 1. Individual bases of adolescent development. pt. 1. Conceptual and methodological foundations. The scientific study of adolescent development: historical and contemporary perspectives / Richard M. Lerner and Laurence Steinberg -- Modeling longitudinal data from research on adolescence / Tod D. Little ... [et al.] -- "More than good quotations": how ethnography informs knowledge on adolescent development and context / Linda M. Burton, Raymond Garrett-Peters, and Sherry C. Eaton -- pt. 2. Domains of individual development in adolescence. Brain development / Tomáš Paus -- Puberty: its role in development / Elizabeth J. Susman and Lorah D. Dorn -- Adolescent thinking / Deanna Kuhn -- Social cognitive development in adolescence / Judith G. Smetana and Myriam Villalobos -- Moral cognitions and prosocial responding in adolescence / Nancy Eisenberg ... [et al.] -- Identity formation and self-development in adolescence / James E. Côté -- Gender development in adolescence / Nancy L. Galambos, Sheri A. Berenbaum, and Susan M. McHale -- Attachment and autonomy during adolescence / Kathleen Boykin McElhaney ... [et al.] -- Schools, academic motivation, and stage-environment fit / Jacquelynne S. Eccles and Robert W. Roeser -- Religion and spirituality in adolescent development / Pamela Ebstyne King and Robert W. Roeser -- Adolescent sexuality / Lisa M. Diamond and Ritch C. Savin-Williams -- Positive youth development / Jacqueline V. Lerner ... [et al.] -- pt. 3. Challenges to healthy development. Processes of risk and resilience during adolescence / Bruce E. Compas and Kristen L. Reeslund -- Adolescents with developmental disabilities and their families / Penny Hauser-Cram, Marty Wyngaarden Krauss, and Joanne Kersh -- Adolescent and young adult health: from basic health status to clinical interventions / Elizabeth M. Ozer and Charles E. Irwin, Jr. -- Internalizing problems during adolescence / Julia A. Graber and Lisa M. Sontag -- Conduct disorder, aggression, and delinquency / David P. Farrington -- Adolescent substance use / Laurie Chassin, Andrea Hussong, and Iris Beltran -- Author index -- Subject index. | |
| 505 | 0 | _av. 2. Contextual influences on adolescent development. pt. 1. Interpersonal influences. Parent-child relationships during adolescence / Brett Laursen and W. Andrew Collins -- Adolescents' relationships with siblings / Patricia L. East -- Peer relationships in adolescence / B. Bradford brown and James Larson -- Romantic relationships in adolescence / Jennifer A. Connolly and Caroline McIsaac -- Mentoring in adolescence / Jean E. Rhodes and Sarah R. Lowe -- pt. 2. Institutional influences. Schooling adolescents / Richard F. Elmore -- Adolescent out-of-school activities / Joseph L. Mahoney ... [et al.] -- Adolescents and the world of work / Jeremy Staff, Emily E. Messersmith, and John E. Schulenberg -- Adolescence, adolescents, and media / Donald F. Roberts, Lisa Henriksen, and Ulla G. Foehr -- The legal regulation of adolescence / Jennifer L. Woolard and Elizabeth Scott -- The development of citizenship / Lonnie R. Sherrod and James Lauckhardt -- pt. 3. The broader context of adolescence. Neighborhood influences on adolescent development / Tama Leventhal, Véronique Dupéré, and Jeanne Brooks-Gunn -- Poverty and socioeconomic disadvantage in adolescence / Vonnie C. McLoyd ... [et al.] -- The transition to adulthood: challenges of poverty and structural lag / Stephen F. Hamilton and Mary Agnes Hamilton -- Ethnicity and immigration / Andrew J. Fuligni, Diane L. Hughes, and Niobe Way -- Cross-cultural issues in the study of adolescent development / Alice Schlegel -- Globalization, societal change, and adolescence across the world / Reed W. Larson, Suzanne Wilson, and Aimee Rickman -- A shared commitment to youth: the integration of theory, research, practice, and policy / Aida B. Balsano, Christina Theokas, and Deborah L. Bobek -- Author index -- Subject index. | |
| 650 | 0 | _aAdolescent psychology. | |
| 650 | 1 | 2 |
_aAdolescent Psychology _vHandbooks. |
| 650 | 2 | 2 |
_aAdolescent Psychiatry _vHandbooks. |
| 700 | 1 | _aLerner, Richard M. | |
| 700 | 1 |
_aSteinberg, Laurence D., _d1952- |
|
| 856 | 4 | 1 |
_3Table of contents only _uhttp://www.loc.gov/catdir/toc/ecip0827/2008038561.html |
| 906 |
_a7 _bcbc _corignew _d1 _eecip _f20 _gy-gencatlg |
||
| 942 |
_2lcc _cBK |
||
| 999 |
_c19820 _d19819 |
||